[Event "?"]
[Site "?"]
[Date "????.??.??"]
[Round "?"]
[White "Svensson, L."]
[Black "Graßmann, H."]
[Result "1/2-1/2"]
[WhiteElo "2114"]
[BlackElo "1941"]
[PlyCount "79"]
[EventDate "2013.??.??"]
[WhiteTeam "Schweden 1"]
[BlackTeam "Ottonen Magdeburg"]

1. d4 d5 2. Nc3 Nf6 3. Bg5 e6 4. e4 dxe4 5. Nxe4 Be7 6. Bxf6 Bxf6 7. Nf3 O-O 8.
Qd2 Nd7 9. O-O-O b6 10. Qe3 Qe7 11. g4 g6 12. g5 Bg7 13. Bg2 Bb7 14. h4 c5 15.
c3 Rac8 16. dxc5 Bxe4 17. Qxe4 Nxc5 18. Qf4 Rfd8 19. Kc2 Qb7 20. h5 Qe4+ 21.
Qxe4 Nxe4 22. h6 Bh8 23. Rhf1 Kf8 24. Rd3 Nc5 25. Rd2 Ne4 26. Re2 Nc5 27. Rd1
Rxd1 28. Kxd1 Nd3 29. Rd2 Nf4 30. Bf1 Ke7 31. Bb5 Re8 32. Rd8 Kxd8 33. Kd2 Ke7
34. Ke3 Nd5+ 35. Kd3 Nf4+ 36. Ke4 Nh3 37. Ke3 e5 38. Bc4 e4 39. Bf1 Nxf2 40.
Kxf2 1/2-1/2

[Event "?"]
[Site "?"]
[Date "????.??.??"]
[Round "?"]
[White "Jeske, E."]
[Black "Van Geffen, B."]
[Result "1-0"]
[WhiteElo "2231"]
[BlackElo "2096"]
[PlyCount "73"]
[EventDate "2013.??.??"]
[WhiteTeam "Deutschland B"]
[BlackTeam "Niederlande"]

1. c4 c5 2. Nc3 Nf6 3. e4 Nc6 4. g3 d6 5. Bg2 Bg4 6. f3 Bd7 7. Nge2 g6 8. O-O
Bg7 9. d3 O-O 10. h3 Ne8 11. f4 f5 12. Rb1 Rb8 13. b3 a6 14. Bb2 Nd4 15. Kh2 b5
16. Nxd4 Bxd4 17. Qd2 Nc7 18. Rbe1 e6 19. Re2 Qf6 20. Nd1 Bxb2 21. Nxb2 b4 22.
e5 Qe7 23. d4 d5 24. cxd5 Nxd5 25. Bxd5 exd5 26. dxc5 Qxc5 27. Rc1 Qb5 28. Nd3
Rbc8 29. Rxc8 Rxc8 30. Nxb4 Be6 31. Nc2 Kf7 32. Nd4 Qc5 33. Qd3 Qb6 34. Qd2 Rc1
35. Kg2 Qb4 36. Nxe6 Kxe6 37. Qxd5+ 1-0

[Event "?"]
[Site "?"]
[Date "????.??.??"]
[Round "?"]
[White "Holscher, P."]
[Black "Weidlich, G."]
[Result "1/2-1/2"]
[WhiteElo "2085"]
[BlackElo "2281"]
[PlyCount "111"]
[EventDate "2013.??.??"]
[WhiteTeam "Niederlande"]
[BlackTeam "Deutschland B"]

1. Nf3 g6 2. c4 Bg7 3. g3 c5 4. Nc3 Nc6 5. Bg2 e5 6. O-O d6 7. d3 Nge7 8. Rb1
h6 9. a3 a5 10. Bd2 O-O 11. Ne1 Bd7 12. Nb5 Be6 13. e4 Qd7 14. Nc2 Na7 15. Nxa7
Rxa7 16. Ne3 a4 17. Nd5 Qd8 18. b4 axb3 19. Rxb3 Nxd5 20. cxd5 Bd7 21. Qc1 Kh7
22. Qb2 b5 23. Bc3 f6 24. f4 Qe7 25. fxe5 fxe5 26. Rxf8 Qxf8 27. Qe2 h5 28. h3
Bh6 29. Bd2 Ra8 30. Be3 Qf6 31. Bxh6 Kxh6 32. Qd2+ Qg5 33. Qxg5+ Kxg5 34. h4+
Kf6 35. Kf2 Ke7 36. Ke3 Kd8 37. Kd2 Kc7 38. Kc3 Kb6 39. Kb2 g5 40. Rc3 gxh4 41.
gxh4 Rf8 42. Rc2 Rf4 43. Kc3 Rxh4 44. Rf2 Rh2 45. Rf7 Kc7 46. Rg7 Kd8 47. Bf3
Be8 48. Rh7 Rh3 49. Be2 c4 50. Kd2 cxd3 51. Bxd3 Rh2+ 52. Ke3 Ra2 53. Rh6 Kc7
54. Rh7+ Kd8 55. Rh6 Kc7 56. Rh7+ 1/2-1/2

[Event "?"]
[Site "?"]
[Date "????.??.??"]
[Round "?"]
[White "Lenk, W."]
[Black "Van Duijn, R."]
[Result "1/2-1/2"]
[WhiteElo "2203"]
[BlackElo "2021"]
[PlyCount "53"]
[EventDate "2013.??.??"]
[WhiteTeam "Deutschland B"]
[BlackTeam "Niederlande"]

1. e4 e6 2. d4 d5 3. Nc3 Nf6 4. Bg5 Be7 5. e5 Nfd7 6. Bxe7 Qxe7 7. Nf3 a6 8.
Be2 c5 9. dxc5 Nc6 10. Na4 Ndxe5 11. Nxe5 Nxe5 12. O-O Bd7 13. Nb6 Rd8 14. b4
O-O 15. a4 Be8 16. Re1 Nd7 17. Nxd7 Rxd7 18. Bf3 Qh4 19. Qd2 Rc7 20. Ra3 Bc6
21. g3 Qd8 22. Qd4 Re8 23. c4 Rd7 24. cxd5 Bxd5 25. Bxd5 Rxd5 26. Qc3 Qd7 27.
Qf3 1/2-1/2

[Event "?"]
[Site "?"]
[Date "????.??.??"]
[Round "?"]
[White "Munninghoff, A."]
[Black "Knaak, J."]
[Result "1/2-1/2"]
[WhiteElo "1945"]
[BlackElo "2197"]
[PlyCount "83"]
[EventDate "2013.??.??"]
[WhiteTeam "Niederlande"]
[BlackTeam "Deutschland B"]

1. c4 g6 2. Nc3 Bg7 3. g3 Nf6 4. Bg2 O-O 5. e4 d6 6. Nge2 c5 7. O-O Nc6 8. f4
a6 9. d3 Qc7 10. h3 Rb8 11. a4 Bd7 12. g4 Ne8 13. f5 e6 14. Bf4 Nd4 15. Nxd4
cxd4 16. Ne2 gxf5 17. gxf5 exf5 18. Ng3 fxe4 19. Nxe4 Bc6 20. c5 Bxe4 21. cxd6
Qd7 22. Bxe4 Nxd6 23. Qh5 Nxe4 24. Bxb8 Nf6 25. Qg5 Rxb8 26. Rxf6 Qxh3 27. Re1
Rf8 28. Rf2 Qxd3 29. Rg2 Qg6 30. Qh4 Qb6 31. Re4 f5 32. Re7 Rf7 33. Re8+ Rf8
34. Qg5 d3+ 35. Kf1 Qd4 36. Rxf8+ Kxf8 37. Qxf5+ Ke7 38. Rd2 Qe5 39. Qxd3 Qf4+
40. Rf2 Qc1+ 41. Kg2 Qg5+ 42. Kf1 1/2-1/2

[Event "?"]
[Site "?"]
[Date "????.??.??"]
[Round "?"]
[White "Beltz, M."]
[Black "Bachmann, K."]
[Result "1/2-1/2"]
[WhiteElo "2090"]
[BlackElo "2244"]
[PlyCount "24"]
[EventDate "2013.??.??"]
[WhiteTeam "Deutschland Frauen"]
[BlackTeam "Sportfreunde Katernberg"]

1. d4 d5 2. Nf3 Nf6 3. Bg5 e6 4. e3 Be7 5. Bd3 O-O 6. Nbd2 b6 7. Ne5 Bb7 8. O-O
Nbd7 9. f4 Ne4 10. Bxe7 Qxe7 11. Ndf3 f6 12. Nxd7 Qxd7 1/2-1/2

[Event "?"]
[Site "?"]
[Date "????.??.??"]
[Round "?"]
[White "Mueller-Clostermann, B."]
[Black "Burchardt, B."]
[Result "1/2-1/2"]
[WhiteElo "2165"]
[BlackElo "2201"]
[PlyCount "71"]
[EventDate "2013.??.??"]
[WhiteTeam "Sportfreunde Katernberg"]
[BlackTeam "Deutschland Frauen"]

1. d4 d5 2. Nf3 e6 3. g3 f5 4. Bg2 Nf6 5. O-O Bd6 6. c4 c6 7. b3 O-O 8. Ba3
Bxa3 9. Nxa3 Qe7 10. Qc1 Nbd7 11. Qb2 Ne4 12. e3 Ndf6 13. Rad1 Bd7 14. Ne5 Be8
15. Nc2 Bh5 16. f3 Ng5 17. Ne1 Nd7 18. Nxd7 Qxd7 19. Nd3 Nf7 20. Nf4 Bg6 21. e4
fxe4 22. Nxg6 hxg6 23. fxe4 dxe4 24. Bxe4 Ng5 25. Bxg6 e5 26. Qe2 Rxf1+ 27.
Rxf1 Qxd4+ 28. Kg2 Rf8 29. h4 Ne6 30. Rd1 Qc5 31. Rd2 Qb4 32. Kh3 Qc3 33. Rd3
Qc1 34. Rd1 Qc3 35. Rd3 Qa1 36. Rd1 1/2-1/2

[Event "?"]
[Site "?"]
[Date "????.??.??"]
[Round "?"]
[White "Jeske, K."]
[Black "Nautsch, W."]
[Result "1/2-1/2"]
[WhiteElo "1975"]
[BlackElo "2206"]
[PlyCount "81"]
[EventDate "2013.??.??"]
[WhiteTeam "Deutschland Frauen"]
[BlackTeam "Sportfreunde Katernberg"]

1. e4 d6 2. d4 g6 3. Bc4 Bg7 4. Ne2 Nf6 5. Nbc3 O-O 6. O-O c6 7. Bd3 e5 8. dxe5
dxe5 9. f3 Nbd7 10. Be3 Qe7 11. Qe1 Nc5 12. Qf2 Nxd3 13. cxd3 Rd8 14. d4 b6 15.
Rad1 exd4 16. Bxd4 Ba6 17. Rfe1 Qb4 18. a3 Qb3 19. Nc1 Qe6 20. N3e2 c5 21. Bc3
Nh5 22. Bxg7 Kxg7 23. Nc3 Nf4 24. Qe3 Qe5 25. g3 Ne6 26. Qf2 Rxd1 27. Rxd1 Rd8
28. Rxd8 Nxd8 29. Qd2 Ne6 30. N1e2 Nd4 31. Nxd4 cxd4 32. Nd5 Bc4 33. Nf4 d3 34.
Ng2 f6 35. Ne3 Qd4 36. Kf2 Bf7 37. Qc3 Qd7 38. Ke1 h5 39. g4 Qd6 40. gxh5 Qxh2
41. Qxd3 1/2-1/2

[Event "?"]
[Site "?"]
[Date "????.??.??"]
[Round "?"]
[White "Krueger, E."]
[Black "Gottschall, I."]
[Result "1-0"]
[WhiteElo "2193"]
[BlackElo "1731"]
[PlyCount "67"]
[EventDate "2013.??.??"]
[WhiteTeam "Sportfreunde Katernberg"]
[BlackTeam "Deutschland Frauen"]

1. d4 Nf6 2. c4 c5 3. d5 e6 4. Nc3 exd5 5. cxd5 d6 6. Nf3 g6 7. Nd2 Bg7 8. e4
O-O 9. Be2 a6 10. a4 Re8 11. O-O Nbd7 12. f4 Qa5 13. Nc4 Qc7 14. e5 dxe5 15.
fxe5 Nxe5 16. Bf4 Nfd7 17. d6 Qd8 18. Qd5 Nf6 19. Qxc5 Nxc4 20. Bxc4 b6 21. Qc6
Bd7 22. Qf3 Bg4 23. Qb7 Nd7 24. Bxf7+ Kh8 25. Bxe8 Qxe8 26. Rae1 Qf8 27. Be5
Qd8 28. Bxg7+ Kxg7 29. h3 Bf5 30. Rxf5 gxf5 31. Re7+ Kf8 32. Rxd7 Qe8 33. Re7
Qb8 34. Rxh7 1-0

[Event "?"]
[Site "?"]
[Date "????.??.??"]
[Round "?"]
[White "Rooze, J."]
[Black "Kirmas, J."]
[Result "1-0"]
[WhiteElo "2386"]
[BlackElo "2050"]
[PlyCount "105"]
[EventDate "2013.??.??"]
[WhiteTeam "Belgien 1"]
[BlackTeam "Saale-Schachbund Halle"]

1. d4 d5 2. Nf3 Nf6 3. Bg5 e6 4. e3 Be7 5. Nbd2 O-O 6. Bd3 b6 7. Ne5 Bb7 8. Qe2
Ne4 9. Bxe7 Qxe7 10. O-O f6 11. Nef3 Nd7 12. c4 Nxd2 13. Nxd2 e5 14. cxd5 exd4
15. d6 Qxd6 16. Qh5 f5 17. exd4 Qxd4 18. Bc4+ Kh8 19. Rfd1 Ne5 20. Bf1 Ng4 21.
Qh4 Qxb2 22. Nc4 Qf6 23. Qg3 Rac8 24. h3 Nh6 25. Rac1 f4 26. Qa3 a5 27. Qb3 Qf5
28. Kh2 Bd5 29. Qb5 Rcd8 30. Rc3 Qf6 31. Rcd3 Bxc4 32. Qxc4 Rxd3 33. Rxd3 c5
34. Be2 Nf7 35. Qe4 Ne5 36. Rd5 f3 37. Rxe5 fxe2 38. Qxe2 h6 39. Kg1 c4 40. Qe3
Qf4 41. Re8 Qf7 42. Re7 Qd5 43. Re6 Rc8 44. Rxb6 c3 45. Rb1 Qxa2 46. Rc1 Qb2
47. Kh2 a4 48. g4 a3 49. g5 hxg5 50. Kg3 c2 51. Qxg5 Qxc1 52. Qxc1 a2 53. Qh6+
1-0

[Event "?"]
[Site "?"]
[Date "????.??.??"]
[Round "?"]
[White "Rooze, J."]
[Black "Kirmas, J."]
[Result "1-0"]
[WhiteElo "2386"]
[BlackElo "2050"]
[PlyCount "67"]
[EventDate "2013.??.??"]
[WhiteTeam "Belgien 1"]
[BlackTeam "Saale-Schachbund Halle"]

1. e4 e5 2. Nf3 Nc6 3. Bc4 Nf6 4. d3 Be7 5. O-O O-O 6. Bb3 d6 7. c3 h6 8. Re1
Bg4 9. h3 Bh5 10. Nbd2 Nh7 11. Nf1 Ng5 12. Bxg5 Bxg5 13. Ng3 Bg6 14. Nh2 Kh8
15. Ng4 Ne7 16. d4 h5 17. Ne3 h4 18. Ngf5 Bxe3 19. Rxe3 Bxf5 20. exf5 exd4 21.
Qh5+ Kg8 22. Re4 d5 23. Rxh4 f6 24. Rxd4 Qe8 25. Qf3 c6 26. Re1 Qd7 27. g4 b5
28. Rde4 Rae8 29. Qe3 Kf7 30. Re6 Rh8 31. Kg2 Rh7 32. Qc5 Qc7 33. Rxc6 Qxc6 34.
Rxe7+ 1-0

[Event "?"]
[Site "?"]
[Date "????.??.??"]
[Round "?"]
[White "Maes, V."]
[Black "Franke, R."]
[Result "1/2-1/2"]
[WhiteElo "2182"]
[BlackElo "1991"]
[PlyCount "52"]
[EventDate "2013.??.??"]
[WhiteTeam "Belgien 1"]
[BlackTeam "Saale-Schachbund Halle"]

1. d4 Nf6 2. Nf3 g6 3. Bg5 Bg7 4. Nbd2 d5 5. e3 h6 6. Bh4 Nbd7 7. c4 c6 8. cxd5
cxd5 9. Be2 O-O 10. O-O g5 11. Bg3 Nh5 12. Qc2 Nxg3 13. hxg3 Nf6 14. Rfc1 Bg4
15. Bd3 Rc8 16. Qb3 Rc7 17. Qa3 Bxf3 18. Nxf3 a6 19. b3 Ne8 20. Rxc7 Qxc7 21.
Rc1 Qd7 22. Qc5 e6 23. Ne5 Bxe5 24. dxe5 f6 25. exf6 Nxf6 26. Qc7 Qxc7 1/2-1/2

[Event "?"]
[Site "?"]
[Date "????.??.??"]
[Round "?"]
[White "Reinemann, G."]
[Black "Schuermans, R."]
[Result "0-1"]
[WhiteElo "1999"]
[BlackElo "2127"]
[PlyCount "118"]
[EventDate "2013.??.??"]
[WhiteTeam "Saale-Schachbund Halle"]
[BlackTeam "Belgien 1"]

1. e4 e5 2. Nf3 Nc6 3. Bb5 f5 4. d4 fxe4 5. Bxc6 dxc6 6. Nxe5 Qh4 7. Qe2 Nf6 8.
Nc3 Bb4 9. Bd2 Bxc3 10. Bxc3 Be6 11. h3 O-O-O 12. g3 Qh5 13. Qxh5 Nxh5 14. Ng4
Bxg4 15. hxg4 Nf6 16. g5 Nd5 17. Rh4 e3 18. f4 Ne7 19. Rd1 Nf5 20. Rh3 h5 21.
gxh6 Rxh6 22. Rxh6 gxh6 23. Ke2 Rg8 24. Rg1 h5 25. b3 Kd7 26. g4 Nh4 27. Kxe3
hxg4 28. Be1 Nf3 29. Rh1 Re8+ 30. Kf2 Nxd4 31. Rh7+ Re7 32. Rxe7+ Kxe7 33. Kg3
Nxc2 34. Bf2 b6 35. Kxg4 Nb4 36. a3 Nd3 37. Bh4+ Kf7 38. b4 c5 39. bxc5 Nxc5
40. Kf5 Nd7 41. Ke4 c6 42. Bf2 Nf6+ 43. Kd4 Ke6 44. Bh4 Kf5 45. a4 Nd5 46. a5
Nxf4 47. axb6 axb6 48. Kc4 Ne6 49. Bf2 b5+ 50. Kd3 Ke5 51. Bg3+ Kd5 52. Bh4 c5
53. Bf6 b4 54. Be7 Nd4 55. Bf6 c4+ 56. Ke3 Nc6 57. Kd2 Ke4 58. Bg7 Nd4 59. Bf8
c3+ 0-1

[Event "?"]
[Site "?"]
[Date "????.??.??"]
[Round "?"]
[White "Niebuhr, G."]
[Black "Danner, G."]
[Result "0-1"]
[WhiteElo "2072"]
[BlackElo "2315"]
[PlyCount "66"]
[EventDate "2013.??.??"]
[WhiteTeam "Freibauer Niedersachsen"]
[BlackTeam "Österreich"]

1. d4 c5 2. d5 g6 3. e4 Bg7 4. Nc3 d6 5. Nf3 Nf6 6. Bb5+ Nbd7 7. O-O O-O 8. a4
a6 9. Be2 Rb8 10. Re1 Ne8 11. a5 Nc7 12. Nd2 b5 13. axb6 Nxb6 14. Nc4 Nxc4 15.
Bxc4 Nb5 16. Ne2 Qb6 17. c3 Re8 18. Qd3 Nc7 19. Ra2 Bd7 20. Bxa6 Nxa6 21. Qxa6
Qxa6 22. Rxa6 Ra8 23. Rxa8 Rxa8 24. f3 Kf8 25. Kf2 Bb5 26. h3 Ra2 27. Ke3 Ke8
28. Kd2 Bc4 29. f4 Bb3 30. Kd3 Kd7 31. Bd2 Rxb2 32. Rc1 Bc2+ 33. Ke3 Bxe4 0-1

[Event "?"]
[Site "?"]
[Date "????.??.??"]
[Round "?"]
[White "Kwatschewsky, L."]
[Black "Jürgens, P."]
[Result "1-0"]
[WhiteElo "2205"]
[BlackElo "2023"]
[PlyCount "57"]
[EventDate "2013.??.??"]
[WhiteTeam "Österreich"]
[BlackTeam "Freibauer Niedersachsen"]

1. e4 e6 2. d4 d5 3. Nd2 c5 4. Ngf3 a6 5. dxc5 Bxc5 6. Bd3 Nc6 7. O-O Nge7 8.
Nb3 Bb6 9. Bg5 O-O 10. c3 f6 11. exd5 exd5 12. Be3 Bxe3 13. fxe3 Nf5 14. Qd2
Re8 15. Rae1 Nd6 16. Nfd4 Nxd4 17. exd4 Rxe1 18. Qxe1 Qe8 19. Qg3 Qd8 20. Qh4
g6 21. Qxf6 Qxf6 22. Rxf6 Ne4 23. Bxe4 dxe4 24. Rf4 e3 25. Re4 Bd7 26. Rxe3 Bb5
27. Nd2 Kf7 28. c4 Bd7 29. Ne4 1-0

[Event "?"]
[Site "?"]
[Date "????.??.??"]
[Round "?"]
[White "Hellwege, W."]
[Black "Winiwarter, F."]
[Result "1-0"]
[WhiteElo "2033"]
[BlackElo "2167"]
[PlyCount "120"]
[EventDate "2013.??.??"]
[WhiteTeam "Freibauer Niedersachsen"]
[BlackTeam "Österreich"]

1. d4 Nf6 2. Nf3 c5 3. g3 e6 4. c4 cxd4 5. Nxd4 Nc6 6. e3 a6 7. Bg2 Qc7 8. b3
Bb4+ 9. Bd2 Be7 10. O-O d6 11. Nc3 h5 12. Nf3 Bd7 13. Rc1 Ne5 14. Nxe5 dxe5 15.
e4 h4 16. Be3 hxg3 17. hxg3 Qa5 18. Bd2 Qc7 19. Bf3 Bc5 20. Qe2 Qb6 21. Kg2
O-O-O 22. Rh1 Kb8 23. Rxh8 Rxh8 24. Re1 Bxf2 25. Rh1 Rxh1 26. Kxh1 Bxg3 27. Be3
Qb4 28. Qd2 Bf4 29. Bxf4 exf4 30. Qxf4+ Kc8 31. Qe3 Bc6 32. Qd4 Qe7 33. Kg2 Qd7
34. Qe3 Ne8 35. Ne2 f5 36. Nd4 f4 37. Qc3 Qe7 38. Nxc6 Qg5+ 39. Kf1 bxc6 40. e5
Qg3 41. Ke2 Nc7 42. Qd3 g5 43. Bxc6 Qxd3+ 44. Kxd3 Kd8 45. Ke4 Ne8 46. Kf3 Ng7
47. Kg4 Nf5 48. Kxg5 Nd4 49. Bb7 f3 50. Bxa6 Nc6 51. c5 Nxe5 52. Kf4 Nc6 53.
Kxf3 Nb4 54. Bc4 Nxa2 55. Bxe6 Kc7 56. Ke4 Nb4 57. Kd4 Nc6+ 58. Kc3 Ne5 59. Bd5
Nd7 60. b4 Ne5 1-0

[Event "?"]
[Site "?"]
[Date "????.??.??"]
[Round "?"]
[White "Vogt, L."]
[Black "Taksrud, V."]
[Result "1-0"]
[WhiteElo "2402"]
[BlackElo "2035"]
[PlyCount "49"]
[EventDate "2013.??.??"]
[WhiteTeam "SC Eppingen"]
[BlackTeam "Norwegen 2"]

1. e4 d5 2. exd5 Nf6 3. d4 Nxd5 4. c4 Nb6 5. Nf3 g6 6. Be2 Bg7 7. O-O O-O 8.
Nc3 Nc6 9. d5 Na5 10. c5 Bxc3 11. cxb6 Bg7 12. Bf4 axb6 13. b4 Bxa1 14. Qxa1
Qxd5 15. bxa5 Rxa5 16. Bh6 e5 17. Bxf8 Rxa2 18. Qc1 Kxf8 19. Bc4 Qa5 20. Bxa2
Qxa2 21. Qxc7 Be6 22. Qb8+ Kg7 23. Qxe5+ f6 24. Qc7+ Kh6 25. Qxb6 1-0

[Event "?"]
[Site "?"]
[Date "????.??.??"]
[Round "?"]
[White "Sollid, S."]
[Black "Sandmeier, T."]
[Result "1-0"]
[WhiteElo "2019"]
[BlackElo "2204"]
[PlyCount "97"]
[EventDate "2013.??.??"]
[WhiteTeam "Norwegen 2"]
[BlackTeam "SC Eppingen"]

1. e4 Nf6 2. Nc3 e5 3. Nf3 Nc6 4. Bb5 d6 5. d4 Bd7 6. O-O exd4 7. Nxd4 Be7 8.
Bf4 O-O 9. Bxc6 bxc6 10. e5 Ne8 11. Qf3 d5 12. Rad1 Rb8 13. Nb3 g5 14. Be3 Rb4
15. Nxd5 cxd5 16. Qxd5 Nd6 17. exd6 cxd6 18. Bxa7 Be6 19. Qd2 Ra4 20. Bd4 Rxa2
21. Nc1 Ra8 22. f4 Bc4 23. Nd3 h6 24. b3 Bd5 25. fxg5 Bxg5 26. Nf4 Be4 27. Qe2
d5 28. Qg4 Kh7 29. h4 f5 30. Qg3 Ra6 31. hxg5 hxg5 32. Nh3 Rg6 33. Nf2 Bxc2 34.
Rc1 f4 35. Qc3 Bf5 36. Qc7+ Qxc7 37. Rxc7+ Kh6 38. b4 g4 39. b5 Kg5 40. b6 Rb8
41. Re1 g3 42. Nd1 Kg4 43. Nc3 Rd6 44. Rg7+ Bg6 45. b7 Ra6 46. Be5 Re6 47.
Rxg6+ Rxg6 48. Bxb8 d4 49. Bxf4 1-0

[Event "?"]
[Site "?"]
[Date "????.??.??"]
[Round "?"]
[White "Dekan, H."]
[Black "Johnsen, O."]
[Result "1-0"]
[WhiteElo "2172"]
[BlackElo "2038"]
[PlyCount "115"]
[EventDate "2013.??.??"]
[WhiteTeam "SC Eppingen"]
[BlackTeam "Norwegen 2"]

1. e4 c5 2. Nf3 e6 3. d4 cxd4 4. Nxd4 a6 5. Bd3 Qc7 6. O-O Bc5 7. Nb3 Be7 8.
Nc3 Nf6 9. f4 d6 10. Be3 Nbd7 11. a4 b6 12. Qe2 Bb7 13. Bd4 O-O 14. e5 dxe5 15.
fxe5 Ne8 16. Rab1 g6 17. Be3 Qxe5 18. Qf2 Qc7 19. Bh6 Ng7 20. Rbd1 Nc5 21. Kh1
Nxb3 22. cxb3 Rad8 23. Qe2 Bd6 24. h3 Ra8 25. Rc1 Qe7 26. Be4 Bxe4 27. Nxe4 Bb8
28. Bg5 Qb7 29. Qf3 Ra7 30. Nf6+ Kh8 31. Qc3 Qc7 32. Qxc7 Rxc7 33. Rxc7 Bxc7
34. Nd7 Re8 35. Rxf7 Kg8 36. Rf1 Bd8 37. Be3 Nf5 38. Bf2 Kg7 39. g4 Nd6 40.
Bd4+ Kh6 41. Be5 Ne4 42. Rf4 Re7 43. Nxb6 Bxb6 44. Rxe4 g5 45. Rc4 Be3 46. b4
Kg6 47. Rc6 h5 48. Rxa6 hxg4 49. hxg4 Bf4 50. Bd6 Rh7+ 51. Kg1 Kf6 52. b5 Rh4
53. Bc5 Rxg4+ 54. Kf1 Kf5 55. b6 Bh2 56. b7 Rc4 57. b4 g4 58. Ra8 1-0

[Event "?"]
[Site "?"]
[Date "????.??.??"]
[Round "?"]
[White "Theting, H."]
[Black "Staub, G."]
[Result "0-1"]
[WhiteElo "1990"]
[BlackElo "2097"]
[PlyCount "92"]
[EventDate "2013.??.??"]
[WhiteTeam "Norwegen 2"]
[BlackTeam "SC Eppingen"]

1. Nf3 Nf6 2. g3 b6 3. Bg2 Bb7 4. O-O e6 5. d3 d5 6. Nbd2 Be7 7. b3 Nbd7 8. Bb2
O-O 9. e3 c5 10. h4 Qc7 11. Qe2 Rfe8 12. e4 dxe4 13. dxe4 c4 14. Qxc4 Qxc4 15.
Nxc4 Bxe4 16. Nd4 Rec8 17. Rad1 Nc5 18. Rfe1 Bxg2 19. Kxg2 Ne8 20. Nf5 Bf8 21.
Nfe3 Rd8 22. Ne5 f6 23. Nc6 Rdc8 24. Nd4 Kf7 25. Nc4 e5 26. Nf5 Rd8 27. g4 Ne6
28. Nce3 g6 29. Ng3 Rxd1 30. Rxd1 Rd8 31. Rxd8 Nxd8 32. Nd5 Ke6 33. c4 f5 34.
gxf5+ gxf5 35. Ne2 Nc6 36. f4 e4 37. Ng3 Bc5 38. a3 Bd4 39. Bc1 Na5 40. Ne3
Bxe3 41. Bxe3 Nxb3 42. Ne2 Nd6 43. c5 bxc5 44. Nc1 Nxc1 45. Bxc1 Nc4 46. Kf2
Kd5 0-1

[Event "?"]
[Site "?"]
[Date "????.??.??"]
[Round "?"]
[White "Siegmund, R."]
[Black "Westerinen, H."]
[Result "1/2-1/2"]
[WhiteElo "2130"]
[BlackElo "2283"]
[PlyCount "53"]
[EventDate "2013.??.??"]
[WhiteTeam "SV Dresden-Striesen 1990"]
[BlackTeam "Finnland"]

1. d4 Nf6 2. c4 g6 3. Nc3 Bg7 4. e4 d6 5. f4 c5 6. d5 e6 7. Nf3 exd5 8. cxd5
O-O 9. Be2 Re8 10. e5 dxe5 11. fxe5 Ng4 12. Bg5 f6 13. exf6 Bxf6 14. Qd2 Bxg5
15. Qxg5 Qxg5 16. Nxg5 Ne3 17. Kf2 Re5 18. Nge4 Nc2 19. Rac1 Nd4 20. Rhe1 Nxe2
21. Rxe2 Nd7 22. h3 b6 23. Rce1 Rf5+ 24. Kg1 Ba6 25. Nd6 Bxe2 26. Nxf5 gxf5 27.
Rxe2 1/2-1/2

[Event "?"]
[Site "?"]
[Date "????.??.??"]
[Round "?"]
[White "Vinke, D."]
[Black "Glasewald, S."]
[Result "1/2-1/2"]
[WhiteElo "2225"]
[BlackElo "2075"]
[PlyCount "66"]
[EventDate "2013.??.??"]
[WhiteTeam "Finnland"]
[BlackTeam "SV Dresden-Striesen 1990"]

1. Nf3 Nf6 2. g3 g6 3. Bg2 Bg7 4. O-O O-O 5. d4 d5 6. Nbd2 c6 7. Re1 Ne4 8. c3
f5 9. Ne5 Nd7 10. Nxd7 Qxd7 11. Nxe4 fxe4 12. f3 e5 13. dxe5 Bxe5 14. Be3 Qe7
15. fxe4 dxe4 16. Qa4 Bf5 17. Rad1 Rf7 18. Rd2 b5 19. Qa5 h5 20. Red1 Kh7 21.
Qb4 Qc7 22. Bd4 Re8 23. Bxe5 Rxe5 24. Qd6 Qb6+ 25. Qd4 Qc7 26. Qe3 Re8 27. Rd6
Ree7 28. Qc5 Rd7 29. R1d4 Rxd6 30. Rxd6 Qa5 31. a3 Qa4 32. h3 Qc2 33. Qe3 Qxb2
1/2-1/2

[Event "?"]
[Site "?"]
[Date "????.??.??"]
[Round "?"]
[White "Deppe, C."]
[Black "Morant, P."]
[Result "0-1"]
[WhiteElo "1863"]
[BlackElo "2166"]
[PlyCount "86"]
[EventDate "2013.??.??"]
[WhiteTeam "SV Dresden-Striesen 1990"]
[BlackTeam "Finnland"]

1. Nf3 Nf6 2. c4 c5 3. Nc3 Nc6 4. g3 g6 5. Bg2 Bg7 6. O-O O-O 7. d4 cxd4 8.
Nxd4 Qb6 9. Nb3 d6 10. Be3 Qd8 11. Nd4 Bd7 12. Nxc6 bxc6 13. h3 Qa5 14. c5 d5
15. Bd4 Qc7 16. f4 Nh5 17. Bxg7 Kxg7 18. Qd4+ f6 19. Kh2 Rae8 20. e3 e5 21. Qd1
d4 22. Ne4 dxe3 23. Nd6 Nxg3 24. Kxg3 e2 25. Nxe8+ Rxe8 26. Qd6 exf1=Q 27. Rxf1
Qxd6 28. cxd6 exf4+ 29. Rxf4 Re3+ 30. Kf2 Rd3 31. Ra4 Kf7 32. Rxa7 Ke6 33. b4
Kxd6 34. h4 Rd4 35. Kg3 Rxb4 36. Bf3 f5 37. a4 f4+ 38. Kf2 Rb2+ 39. Ke1 h6 40.
a5 g5 41. Bh5 g4 42. Bf7 g3 43. Kf1 Bh3+ 0-1

[Event "?"]
[Site "?"]
[Date "????.??.??"]
[Round "?"]
[White "Kivipelto, K."]
[Black "Groschup, G."]
[Result "1-0"]
[WhiteElo "2177"]
[BlackElo "2010"]
[PlyCount "65"]
[EventDate "2013.??.??"]
[WhiteTeam "Finnland"]
[BlackTeam "SV Dresden-Striesen 1990"]

1. Nf3 Nf6 2. g3 g6 3. b4 Bg7 4. Bb2 b6 5. Bg2 Bb7 6. c4 O-O 7. O-O d6 8. d3
Nbd7 9. e4 e5 10. Nc3 Re8 11. Ne1 Nf8 12. f4 Ne6 13. f5 Nd4 14. Ne2 c5 15. Nxd4
exd4 16. a3 Nd7 17. Bc1 f6 18. fxg6 hxg6 19. Nf3 Ne5 20. Nxe5 dxe5 21. Qg4 g5
22. Qh5 Qe7 23. bxc5 bxc5 24. h4 gxh4 25. Qxh4 Bc8 26. Bf3 Qe6 27. Bh5 Re7 28.
Rf5 Qd6 29. Bg6 Bxf5 30. Qh7+ Kf8 31. exf5 Rb8 32. Bh6 Bxh6 33. Qh8# 1-0

[Event "?"]
[Site "?"]
[Date "????.??.??"]
[Round "?"]
[White "Van Herck, M."]
[Black "Norman, K."]
[Result "1/2-1/2"]
[WhiteElo "2104"]
[BlackElo "2172"]
[PlyCount "35"]
[EventDate "2013.??.??"]
[WhiteTeam "Belgien 2"]
[BlackTeam "England 1"]

1. e4 e5 2. f4 exf4 3. Bc4 Ne7 4. Nf3 Ng6 5. h4 Be7 6. h5 Nh4 7. O-O d6 8. Nxh4
Bxh4 9. d4 Be6 10. Bxe6 fxe6 11. Qg4 Qe7 12. Nc3 Bf6 13. d5 Bd4+ 14. Kh1 Bxc3
15. bxc3 e5 16. Bxf4 exf4 17. Qc8+ Qd8 18. Qe6+ 1/2-1/2

[Event "?"]
[Site "?"]
[Date "????.??.??"]
[Round "?"]
[White "Yeo, M."]
[Black "Hajenius, W."]
[Result "1-0"]
[WhiteElo "2170"]
[BlackElo "1923"]
[PlyCount "41"]
[EventDate "2013.??.??"]
[WhiteTeam "England 1"]
[BlackTeam "Belgien 2"]

1. e4 c5 2. Nf3 Nf6 3. Nc3 Nc6 4. d4 d5 5. exd5 Nxd5 6. dxc5 Nxc3 7. Qxd8+ Nxd8
8. bxc3 g6 9. Bb5+ Nc6 10. O-O Bg7 11. Nd4 Bd7 12. Be3 O-O 13. Rab1 e5 14. Nxc6
bxc6 15. Ba6 Rfe8 16. Bb7 Rad8 17. Rfd1 Bf6 18. Rxd7 Rxd7 19. Bxc6 Red8 20.
Bxd7 Rxd7 21. c6 1-0

[Event "?"]
[Site "?"]
[Date "????.??.??"]
[Round "?"]
[White "Schrickx, Frank"]
[Black "Byway, Paul V"]
[Result "1/2-1/2"]
[WhiteElo "1901"]
[BlackElo "2140"]
[PlyCount "86"]
[EventDate "2013.??.??"]
[WhiteTeam "Belgien 2"]
[BlackTeam "England 1"]

1. e4 c5 2. Nf3 e6 3. d4 cxd4 4. Nxd4 Nf6 5. Nc3 d6 6. Be2 Be7 7. O-O O-O 8.
Be3 Nc6 9. Kh1 e5 10. Nb3 Be6 11. f4 exf4 12. Bxf4 d5 13. e5 Nd7 14. Nxd5 Ndxe5
15. Nxe7+ Qxe7 16. Nd4 Rfd8 17. Nxc6 bxc6 18. Qe1 Ng6 19. Bd3 Nxf4 20. Rxf4 Qg5
21. Qh4 Qxh4 22. Rxh4 g6 23. b3 c5 24. Kg1 Rac8 25. Ra4 Rc7 26. Re1 Kg7 27. Kf2
h5 28. h4 Rd5 29. Re3 Rd6 30. Re2 Kf6 31. Rf4+ Kg7 32. Ra4 Bg4 33. Re3 Rf6+ 34.
Ke1 Bd7 35. Ra5 Be6 36. Ra4 Bd5 37. g3 Rfc6 38. Bc4 Re6 39. Rxe6 fxe6 40. Bxd5
exd5 41. Ra6 Kh6 42. a4 c4 43. bxc4 Rxc4 1/2-1/2

[Event "?"]
[Site "?"]
[Date "????.??.??"]
[Round "?"]
[White "Welz, P."]
[Black "Vucenovic, D."]
[Result "0-1"]
[WhiteElo "2149"]
[BlackElo "2271"]
[PlyCount "114"]
[EventDate "2013.??.??"]
[WhiteTeam "BSW/DBAG 3"]
[BlackTeam "Schweiz"]

1. e4 e5 2. Nf3 Nc6 3. d4 exd4 4. Nxd4 Bc5 5. Nb3 Bb6 6. a4 Qf6 7. Qe2 Nd4 8.
Nxd4 Bxd4 9. c3 Bc5 10. g3 a6 11. Bg2 d6 12. O-O Ne7 13. Be3 Bxe3 14. Qxe3 O-O
15. Nd2 Re8 16. Qd4 Qh6 17. Nc4 Nc6 18. Qd2 Qxd2 19. Nxd2 Be6 20. f4 f6 21.
Rfe1 Rad8 22. b4 a5 23. b5 Nb8 24. Nf1 Nd7 25. e5 Nc5 26. exf6 gxf6 27. Ne3 Kf8
28. Bd5 Bc8 29. Bc4 Re4 30. Bf1 Rde8 31. Kf2 Be6 32. c4 b6 33. Ra3 Rd4 34. Rd1
Rxd1 35. Nxd1 Bf5 36. Ne3 Be4 37. Bg2 Bxg2 38. Kxg2 Re4 39. Kf3 Rd4 40. Nd5
Rxc4 41. Nxf6 Nxa4 42. Nxh7+ Kg7 43. Ng5 Rc3+ 44. Rxc3 Nxc3 45. Ke3 Nxb5 46.
Kd3 d5 47. h4 c5 48. g4 c4+ 49. Kc2 Nd4+ 50. Kb2 b5 51. f5 b4 52. h5 c3+ 53.
Kb1 Nb5 54. Ne6+ Kh6 55. f6 b3 56. g5+ Kxh5 57. Nf4+ Kg4 0-1